Chicago Bulls NBA Playoffs Leaders Per Year - Statistics

General Stats
  • This quiz has been taken 1,335 times
    1,070 since last reset
  • The average score is 17 of 49
Answer Stats
Player % Correct
Michael Jordan
97%
Scottie Pippen
96%
Derrick Rose
95%
DeMar DeRozan
93%
Dennis Rodman
93%
Zach LaVine
91%
Joakim Noah
87%
Jimmy Butler
80%
Nikola Vučević
80%
Artis Gilmore
67%
Horace Grant
65%
Luol Deng
60%
Luc Longley
54%
Bob Boozer
51%
Carlos Boozer
51%
Bob Love
50%
Pau Gasol
42%
Dwyane Wade
39%
Kirk Hinrich
39%
Ben Gordon
36%
Charles Oakley
35%
Taj Gibson
34%
Jerry Sloan
31%
Mickey Johnson
25%
Tyson Chandler
23%
Reggie Theus
22%
Flynn Robinson
21%
Javonte Green
21%
Nate Robinson
21%
Ben Wallace
17%
Chet Walker
16%
Norm Van Lier
15%
Tyrus Thomas
13%
Nate Thurmond
8%
Dave Greenwood
7%
D.J. Augustin
7%
Guy Rodgers
7%
Tom Boerwinkle
7%
Andres Nocioni
6%
C.J. Watson
6%
Omer Asik
5%
Clifford Ray
4%
Malik Allen
4%
Jawann Oldham
3%
Jim Washington
3%
Bob Weiss
2%
Mike Sweetney
2%
Clem Haskins
1%
Dennis Awtrey
1%
No matching quizzes found
Score Distribution
Percent of People with Each Score
Percentile by Number Answered
Your Score History
You have not taken this quiz since the last reset